Changing Patterns of cousin marriage in eastern Bhutan (Record no. 8083)

MARC details
000 -LEADER
fixed length control field 00373nam a22001337a 4500
008 - FIXED-LENGTH DATA ELEMENTS--GENERAL INFORMATION
fixed length control field 190708b ||||| |||| 00| 0 eng d
082 ## - DEWEY DECIMAL CLASSIFICATION NUMBER
Classification number POL.SCI CAP NO.107
100 ## - MAIN ENTRY--PERSONAL NAME
Personal name Dechen, Pema
245 ## - TITLE STATEMENT
Title Changing Patterns of cousin marriage in eastern Bhutan
260 ## - PUBLICATION, DISTRIBUTION, ETC.
Place of publication, distribution, etc. Thimphu ;
Name of publisher, distributor, etc. Royal Thimphu College,
Date of publication, distribution, etc. 2019.
300 ## - PHYSICAL DESCRIPTION
Extent 19 p.
Dimensions 30 cm.
650 ## - SUBJECT ADDED ENTRY--TOPICAL TERM
Topical term or geographic name entry element Capstone
942 ## - Added entry Elements (Koha)
Source of classification or shelving scheme Dewey Decimal Classification
Holdings
Withdrawn status Lost status Source of classification or shelving scheme Damaged status Not for loan Collection code Home library Current library Shelving location Date acquired Serial Enumeration / chronology Total Checkouts Total Renewals Full call number Barcode Date last seen Date last checked out Price effective from Koha item type
    Dewey Decimal Classification     Student work RTC Library RTC Library Student work 08/07/2019 13996 3 2 POL.SCI CAP NO.107 30001753 04/10/2024 02/09/2024 08/07/2019 Student Work
Royal Thimphu College || All Right Reserved